Quizzes
Events
Quiz Creation
Community
Videos
Private Events
Remove Ads
Sign In
Join for FREE
Feedback
Dark Mode
Quiz Categories
Sports
Geography
Music
Movies
Television
Just For Fun
Miscellaneous
History
Literature
Language
Science
Gaming
Entertainment
Religion
Holiday
For Kids
Quiz Lab
Recent
Popular Today
Quiz Kudos Today
Editor Picks
Curator Picks
Quizzes by...
Day
Popularity
Type
Ratings
Length
Year
Community
Subscriptions
Recent Discussions
Orange Saloon
Badges
Playlists
Quests
Create
Leaderboards
Showdown
Live 5
Trivia Bingo
Activity
Puzzle Library
Sporcle Events
Private Events
Virtual Trivia
Globe League
Become a Host
Pub Owners
SporcleCon
Opinionation
Our Games
Videos
Blog
Mobile Apps
Partnerships
Remove Ads and Go Orange
Feedback
History
US Presidents
World Leaders
Politics
Nation
Discovery
War
Decade
Year
Century
Biography
Art
History
US Presidents
World Leaders
Politics
Nation
Discovery
War
Decade
Year
Century
Biography
Art
Random Quiz
Search Sporcle
×
Quiz Lab
Quiz Lab
History
War
Type in answers that appear in a list
Type in answers that appear in a list
Classic
Best Score? Go Orange.
Napoleon's Marshals Stats
Can you name the Marshals of the First French Empire?
By
arildto
10m
26 Questions
1,316 Plays
1,316 Plays
1,316 Plays
Comments
Comments
Give Quiz Kudos
Give Quiz Kudos
-
- Ratings
hide this ad
Replay
Link that replays current quiz
Next Quiz
Link to next quiz in quiz playlist
You Got
0%
They Got
Avg Score
68%
Avg Friend Score
Upgrade to see
Score Distribution
Jump to the score distribution portion of the page
Score
0/26
Timer
10:00
0
Plays Today
Hint
Name
% Correct
'The Bravest of the Brave'
Michel Ney, 1st Duc d'Elchingen, 1st Prince de la Moskowa
95.4%
Napoleon's brother-
in-
law and King of Naples
Joachim-Napoléon Murat, Prince d'Empire, Grand-duc de Berg, King of Naples
91.9%
Became King of Sweden and Norway
Jean Baptiste Jules Bernadotte, Prince of Ponte Corvo (King Carl XIV Johan of Sweden and Norway)
87.7%
'The Iron Marshal', hero of Auerstedt
Louis-Nicolas d'Avout, 1st Duke of Auerstaedt, 1st Prince of Eckmühl
83.8%
'The Hand of Iron'
Nicolas Jean-de-Dieu Soult, 1st Duke of Dalmatia
82.2%
Killed at Aspern-
Essling
Jean Lannes, 1st Duc de Montebello
80.7%
Napoleon's Chief of Staff
Louis Alexandre Berthier, Prince de Neufchatel and Wagram, 1st Duc de Valengin
80.1%
Led the right wing at Waterloo
Emmanuel de Grouchy, 2ème Marquis de Grouchy
79.5%
'L'Enfant chéri de la Victoire'
André Masséna, 1st Duc de Rivoli, 1st Prince d'Essling
78.6%
His father was from Scotland
Étienne Jacques Joseph Alexandre MacDonald, 1st duc de Taranto
78.5%
Born in Poland, killed at Leipzig
Prince Józef Antoni Poniatowski
74.3%
Killed by a cannon ball
Jean-Baptiste Bessières, 1st Duc d' Istria
64.7%
Hero of the Battle of Valmy
François Christophe de Kellermann, 1st Duc de Valmy
64.6%
Hint
Name
% Correct
The last of Napoleon's marshals to die
Auguste Frédéric Louis Viesse de Marmont, 1st Duc de Ragusa
63.8%
Delivered the decisive blow at Austerlitz
Nicolas Charles Oudinot, 1st Comte Oudinot, 1st Duc de Reggio
63.3%
'The Owl'
Laurent de Gouvion Saint-Cyr, First Marquis of Gouvion-Saint-Cyr
62.4%
Captured Valencia in 1813
Louis Gabriel Suchet, 1st Duc d'Albufera
61.8%
Defeated by Wellington at Vitoria
Jean-Baptiste Jourdan, 1st Comte Jourdan
59.8%
Hero of the Battle of Castiglione
Charles Pierre François Augereau, 1st Duc de Castiglione
58%
Commanded the I Corps at Friedland
Claude Victor-Perrin, 1st Duc de Belluno
57.7%
Later Prime Minister of France
Édouard Adolphe Casimir Joseph Mortier, 1st Duc de Trévise
53.6%
Captured Danzig in 1807
François Joseph Lefebvre, 1st Duc de Dantzig
53.3%
Won the Battle of Pozzolo
Guillaume Marie Anne Brune, 1st Comte Brune
51.1%
Refused to take part in the invasion of Russia
Bon Adrien Jeannot de Moncey, 1st Duc de Conégliano
49.1%
Governor of Les Invalides
Jean-Mathieu-Philibert Sérurier, 1st Comte Sérurier
48.7%
Was captured at the Battle of Novi
Catherine-Dominique de Pérignon, 1st Marquis de Grenade
45.8%
Quiz Playlist
Details
Report
Send in Message
Add To Playlist
Classic:
Type in answers that appear in a list
Quiz Source
Last Updated: Feb 16, 2017
Quiz Scoreboard
CHALLENGE
Sign Up to Join the Scoreboard
Show All
Scores
Hide
Comments
May contain spoilers
Recently Published
TV Characters by Other Roles V
by ghcgh
Television
5m
Decade Duel: World Leaders
by jenniferyan
History
4m
Alphabetical 'K' Countries by Flag Minefield
by ylime102
Geography
3m
More to Explore
Quiz From the Vault
Featured Blog Post
15 Basketball Trivia Facts You Can Be March Mad About
hide this ad
You Might Also Like...
Tags
French Quiz
Nation Quiz
War Quiz
empire
France
Historical Figures
lifetime
marshal
napoleon
Today's Top Quizzes in History
Browse History
hide this ad
Today's Top Quizzes in War
Browse War
Top Contributed Quizzes in History
1
Decade Duel: US Presidents of the 1900s
2
I Am Born On March 19th
3
Decade Duel: US Presidents of the 1800s
4
Famous Spring Paintings
5
Arab Spring Nations
6
Art in Bloom
7
Religion og styreformer i Europa (klikking)
8
'NCAA' US History
9
Lead up to World War One
10
Constitutional Quiz
Explore More
Trending Topics
NBA
Marvel
Disney
Crossword
Harry Potter
Anime
Kpop
NFL
Song
Country
WWE
The Office
Puzzle
Pokémon
Soccer
hide this ad
More By:
arildto
Quiz
Plays
Rating
Category
Featured
Created
Monarchs of Portugal
2,396
4.11
History
Jul 21, 2011
Napoleon's Marshals
1,316
5.00
History
Feb 17, 2011
Country names in their own language
701
4.00
Geography
Sep 8, 2011
Merovingian Kings
673
5.00
History
Feb 22, 2011
Kings of Aragon
653
5.00
History
Jul 25, 2011
Go to Creator's Profile
Score Distribution
Quiz Creator Spotlight
arildto
Follow
Send a Message
Quizzes Created
-
Created Quiz Play Count
-
More By This Creator
Popular Quizzes Today
1
Countries of Asia Without Outlines Minefield
2
Find the US States - No Outlines Minefield
3
Pick 6: Fruits
4
The Countries of the World
5
Find the Countries of Europe - No Outlines Minefield
6
Alphabetical 'K' Countries by Flag Minefield
7
US States
8
Find the US States
More History Quizzes
All the President's Moms
Editor's Pick
Trending Quizzes
Pick 6: Mountains
Pick 6: Harry Potter
Pick 6: Flags
Pick 6: NFL Teams
C Names for Actors
Recently Updated
Adaptations: Name the Title
pecheneg
NWSL Teams
pecheneg
Women's Final Four Teams by Year
bhenderson79
Presidents Quartet II
eogle
Anything But Clue(do)
eogle
Anything But Oceanian Capitals
eogle
Anything But 7
eogle
Anything But Thing
eogle
Word Ladder: February 29
pecheneg
Song Title Questions
pecheneg
Trending Topics
Kpop
NBA
Marvel
Crossword
Disney
Anime
Harry Potter
Pokémon
Puzzle
Country
WWE
Song
NFL
The Office
Soccer
Your Account Isn't Verified!
In order to create a playlist on Sporcle, you need to verify the email address you used during registration. Go to your
Sporcle Settings
to finish the process.
Report this User
Report this user for behavior that violates our
Community Guidelines
.
Details:
Send Report
Go to the Sporcle.com Mobile Site →
Comments